00501 a2200157 4500010001400000020002400014035001300038037001800051082001200069100002300081245004600104260003900150270010200189300003200291500002000323 aENG-85686 c1800.00a8170354528 aEN-69219 bD.B.Act / Pub14a615.3211 aDhiman, Anil Kumar1 aAyurvedic drug plantscby Anil Kumar Jain aDelhibDaya Publishing Housec2007 a1123/74, Deva Ram Park, Tri NagarbDelhie110 035k011-27383999l011-23244987mdayabooks@vsnl.com axxiii, 598 p.c22 cm ( Hb.) aIncludes index